Les animaux élevés par l'homme - Statistiques

Statistiques générales
  • Ce quiz a été pris 47 fois
  • Le résultat moyen est 39 sur 80
Statistiques - réponses
Hint Réponse % Correct
Animaux de compagnie Carnivore C Chat
93%
Animaux de compagnie Carnivore C Chien
93%
Animaux de travail Animaux de chasse C Chien
93%
Animaux de travail Animaux de garde C Chien
93%
Animaux de travail Animaux de santé C Chien
93%
Animaux de pacage Bovins V Vache
91%
Animaux de compagnie Equidés C Cheval
87%
Animaux de pacage Equidés C Cheval
87%
Animaux de travail Animaux de chasse C Cheval
87%
Animaux de basse-cour Aviculture P Poule
87%
Animaux de compagnie Equidés A Ane
76%
Animaux de pacage Equidés A Ane
76%
Animaux de compagnie Animaux de pacage nains C Chèvre
76%
Animaux de pacage Caprins C Chèvre
76%
Animaux de compagnie Animaux de pacage nains C Cochon
71%
Animaux aquatiques Conchyliculture H Huitre
71%
Animaux de basse-cour Lagomorphes et rongeurs L Lapin
71%
Animaux de basse-cour Aviculture C Canard
69%
Animaux de pacage Cervidés C Cerf
69%
Animaux de pacage Ovins M Mouton
69%
Animaux de basse-cour Aviculture D Dinde
67%
Autres animaux comestibles Gastéropodes E Escargot
67%
Animaux de basse-cour Aviculture P Pigeon
67%
Animaux de compagnie Colombophilie P Pigeon
67%
Animaux aquatiques Conchyliculture M Moule
64%
Animaux de pacage Porcins P Porc
64%
Animaux de compagnie Nouveaux animaux de compagnie R Rat
64%
Animaux de compagnie Oiseaux de compagnie P Perroquet
62%
Animaux de pacage Bovins Y Yack
62%
Animaux de pacage Camélidés C Chameau
60%
Animaux de basse-cour Aviculture O Oie
60%
Animaux de compagnie Oiseaux de compagnie P Perruche
60%
Animaux de pacage Camélidés D Dromadaire
58%
Animaux aquatiques Pisciculture E Poissons d'{eau douce}
58%
Animaux aquatiques Crustacés C Crevette
56%
Animaux de pacage Bovins Z Zébu
56%
Autres animaux comestibles Amphibien G Grenouille
53%
Animaux de compagnie Equidés P Poney
53%
Animaux de pacage Equidés P Poney
53%
Animaux de pacage Camélidés L Lama
49%
Animaux aquatiques Crustacés E Ecrevisse
47%
Animaux de compagnie Nouveaux animaux de compagnie I Iguane
47%
Animaux de compagnie Aquariophilie A Poissons d'{aquarium}
47%
Autres animaux comestibles Insectes A Abeille
44%
Animaux de pacage Camélidés A Alpaga
44%
Animaux de compagnie Reptiles S Serpents
44%
Animaux de pacage Bovins B Bison
42%
Animaux de compagnie Carnivore F Furet
42%
Animaux de compagnie Colombophilie T Tourterelle
42%
Animaux de pacage Equidés M Mule
40%
Animaux de pacage Bovins B Buffle
38%
Animaux de basse-cour Lagomorphes et rongeurs C Cochon d'Inde
38%
Animaux de compagnie Reptiles L Lézards
38%
Animaux de pacage Cervidés R Renne
38%
Animaux de compagnie Oiseaux de compagnie C Canari
36%
Animaux aquatiques Conchyliculture P Palourde
36%
Animaux de basse-cour Aviculture F Faisan
33%
Animaux de basse-cour Aviculture C Caille
31%
Animaux de compagnie Nouveaux animaux de compagnie C Chinchilla
31%
Animaux aquatiques Pisciculture E Poissons d'{eau de mer}
29%
Animaux de travail Animaux de travail de force E Eléphant
27%
Animaux de basse-cour Aviculture P Pintade
27%
Animaux de compagnie Reptiles T Tortues
27%
Autres animaux comestibles Ver V Ver de terre
27%
Animaux de basse-cour Aviculture A Autruche
24%
Animaux de compagnie Nouveaux animaux de compagnie G Gerbille
24%
Animaux de pacage Equidés M Mulet
20%
Animaux aquatiques Mollusques C Calamar
18%
Animaux aquatiques Conchyliculture C Coque
18%
Animaux de travail Animaux de santé S Sangsue
18%
Animaux de basse-cour Aviculture E Emeu
13%
Animaux de basse-cour Aviculture P Paon
13%
Animaux aquatiques Pisciculture E Poissons d'{étang}
13%
Autres animaux comestibles Insectes A Asticot
9%
Animaux de pacage Bovins A Auroch
9%
Animaux de compagnie Nouveaux animaux de compagnie O Octodon
7%
Autres animaux comestibles Ver V Ver à soie
4%
Animaux de pacage Equidés B Bardot
2%
Animaux de basse-cour Aviculture M Nandou
0%
Animaux de travail Animaux de chasse O Oiseaux de proie
0%
Aucun quiz correspondant
Distribution des résultats
% des personnes avec chaque résultat
Percentile par nombre de réponses
Votre historique - résultats
Vous n’avez pas pris ce quiz